Normal view
MARC view
Entry Topical Term
001 - CONTROL NUMBER
- control field: 1188
003 - CONTROL NUMBER IDENTIFIER
- control field: OSt
005 - DATE AND TIME OF LATEST TRANSACTION
- control field: 20190207164955.0
008 - FIXED-LENGTH DATA ELEMENTS
- fixed length control field: 190207|| aca||aabn | a|a d
040 ## - CATALOGING SOURCE
- Original cataloging agency: OSt
- Transcribing agency: OSt
150 ## - HEADING--TOPICAL TERM
- Topical term or geographic name entry element: Labour - China
670 ## - SOURCE DATA FOUND
- Source citation: Work cat.: (OSt): Mezzadri, Alessandra 1187, Classes of labour at the margins of global commodity chains in India and China, 2018
